000 02115cam a22004817a 4500
003 CHAP
005 20220817042409.0
008 971013s r 00010 d
010 _a43417
011 _a44389
035 _a48527
040 _cCHAP
082 _a354.72083
_bM4
110 _aMéxico. Secretaría del Trabajo y Previsión Social
_977232
245 0 _aMemoria de labores, 19 -
_c/por Secretaría del Trabajo y Previsión Social
260 _aMéxico, D.F. :
_bTalls. Gráfs. de la Nación,
_c19 -
300 _av.
500 _ac.c. : Informe de labores
500 _aLa biblioteca tiene: 1963, 1964, 1966, 1968, 1969, 1976-77, 1985-1986, 1993-94, 1994-1995
590 _aBATCH-UPD
_b10
_c20130110
_lUCH01
_h1132
590 _aBATCH-UPD
_b10
_c20130410
_lUCH01
_h0720
590 _aBATCH-UPD
_b10
_c20130914
_lUCH01
_h1211
590 _aCONVERSION
_b10
_c20130109
_lUCH01
_h1324
650 1 4 _aDerecho laboral
_xMéxico.
_931893
650 1 4 _aMéxico
_xCondiciones económicas.
650 1 4 _aMéxico
_xCondiciones sociales.
_976730
650 1 4 _aTrabajo social.
_9114502
650 1 4 _aTrabajo y trabajadores.
901 _aBK
942 _cLIBRO
949 _a354.083 M4
_bBC
_cC
_d33724000585089
_eC
_f1994-95 c.2
_h93167
_i48527
_sb
949 _a354.72083 M4
_bBC
_cBPP
_d-109840
_eBPP
_f1985-1986
_h70781
_i48527
_si
949 _a354.72083 M4
_bBC
_cBPP
_d-150474
_eBPP
_f1963
_h17660
_i48527
_si
949 _a354.72083 M4
_bBC
_cBPP
_d-150475
_eBPP
_f1964
_h17661
_i48527
_si
949 _a354.72083 M4
_bBC
_cBPP
_d-150476
_eBPP
_f1966
_h12289
_i48527
_si
949 _a354.72083 M4
_bBC
_cBPP
_d-150477
_eBPP
_f1968
_i48527
_si
949 _a354.72083 M4
_bBC
_cBPP
_d-150478
_eBPP
_f1968 c.2
_h17662
_i48527
_si
949 _a354.72083 M4
_bBC
_cBPP
_d-150479
_eBPP
_f1969
_h15280
_i48527
_si
949 _a354.72083 M4
_bBC
_cC
_d33724000585071
_eC
_f1994-95
_h93166
_i48527
_sb
949 _a354.72083 M4
_bBC
_cC
_d33724000594339
_eC
_f1994-95 c.3
_h93168
_i48527
_sb
949 _a354.72083 M4
_bBC
_cLIBRO
_d33724000331534
_eLIBRO
_f1993-94
_h87417
_i48527
_si
949 _a354.72083 M4
_bBC
_cLIBRO
_d33724000488284
_eLIBRO
_f1976-77
_h47418
_i48527
_si
999 _c43417
_d43417